000 00592nam a2200193Ii 4500
003 JO-AjNU
008 230605s9999||||xx |||||||||||||| ||und||
040 _aJO-AjNU
_bara
_erda
_cJO-AjNU
041 _aara
050 1 4 _aN70.H3
100 3 _aخميس،حمدي تأليف,
_eauthor
_99804
245 0 0 _aالتذوق الفني ودور الفنان والمستمتع
264 3 1 _aمصر:دار المعارف،1975
300 _a141ص
336 _atext
_btxt
_2rdacontent
337 _aunmediated
_bn
_2rdamedia
338 _avolume
_bnc
_2rdacarrier
650 4 _aفن - تاريخ
_99805
999 _aA1486
_c5054
_d5054